| 000 | 00551cab a22001935a 4500 | ||
|---|---|---|---|
| 001 | L148329 | ||
| 008 | 090904e20090826xxk 000 0 eng d | ||
| 035 | _a(Sirsi) u148329 | ||
| 041 | 0 | _aeng | |
| 100 | 1 | _aStagg, James | |
| 245 | 0 | 0 | _aCJ50 BSF work puts Laing on top |
| 260 | _c2009 | ||
| 490 |
_aContract Journal _v448(6733), 26 August 2009, 10-11(2) |
||
| 520 | _aPublic sector work accounted for 60% of all work let in July. | ||
| 590 | _aKA | ||
| 651 | 4 |
_aUnited Kingdom _y |
|
| 690 | _aBUILT ENVIRONMENT-CONSTRUCTION MARKET | ||
| 942 | _n0 | ||
| 999 |
_c81792 _d81792 |
||